| 000 | 00383nam a22001337a 4500 | ||
|---|---|---|---|
| 041 | _aENG | ||
| 082 |
_a230.82 _bANU |
||
| 100 | _aAnusha | ||
| 245 | _aThe Role of Native women towards the work of the Mennonite Brethren Church in Gadwal area Telangana: A Feminist Reading | ||
| 260 |
_aHyderabad _bARRC _c2024 |
||
| 300 | _a72 | ||
| 650 | _aWomen - Christian Theology | ||
| 942 | _cTHES | ||
| 999 |
_c23495 _d23495 |
||